[Event "Portugal Open 2019"]
[Site "Lisbon"]
[Date "2019.02.04"]
[Round "4.11"]
[White "Spraggett, Kevin"]
[Black "Sousa, Ludy Helsio Paulo"]
[Result "1/2-1/2"]
[WhiteElo "2513"]
[BlackElo "2169"]
[Annotator "RC"]
[PlyCount "114"]
[EventDate "2019.01.25"]
[EventType "swiss"]
[EventCountry "POR"]
[SourceTitle "playchess.com"]
[Source "ChessBase"]
[SourceQuality "1"]
[TimeControl "5400+30"]

1. Nf3 {[%emt 0:02:28]} Nf6 {[%emt 0:01:18]} 2. g3 {[%emt 0:00:10]} g6 {[%emt 0:00:11]} 3. b3 {[%emt 0:00:16]} Bg7 {[%emt 0:00:05]} 4. Bb2 {[%emt 0:00:06]} d6 {[%emt 0:00:48]} 5. c4 {[%emt 0:00:12]} e5 {[%emt 0:00:41]} 6. d3 {[%emt 0:00:14]} O-O {[%emt 0:00:06]} 7. Bg2 {[%emt 0:00:16]} h6 {[%emt 0:01:03]} 8. O-O {[%emt 0:00:26]} Nc6 {[%emt 0:00:59]} 9. Nc3 {[%emt 0:00:22]} Be6 {[%emt 0:01:33]} 10. Nd2 {[%emt 0:01:11]} Qd7 {[%emt 0:05:46]} 11. a3 {[%emt 0:10:28]} a5 {[%emt 0:02:09]} 12. Nd5 {[%emt 0:01:39]} Bh3 {[%emt 0:04:04]} 13. e4 {[%emt 0:04:54]} Bxg2 {[%emt 0:03:39]} 14. Kxg2 {[%emt 0:00:22]} Nxd5 {[%emt 0:04:24]} 15. cxd5 {[%emt 0:00:08]} Nd4 {[%emt 0:01:06]} 16. Rc1 {[%emt 0:02:59]} c6 {[%emt 0:09:21]} 17. Nc4 {[%emt 0:07:52]} Ra6 {[%emt 0:00:46]} 18. dxc6 {[%emt 0:01:29]} bxc6 {[%emt 0:00:42]} 19. Bxd4 {[%emt 0:02:56]} exd4 {[%emt 0:00:23]} 20. Re1 {[%emt 0:00:49]} d5 {[%emt 0:01:18]} 21. Nd2 {[%emt 0:01:23]} Re8 {[%emt 0:01:28]} 22. Qc2 {[%emt 0:05:45]} h5 {[%emt 0:04:39]} 23. exd5 {[%emt 0:05:06]} Qxd5+ {[%emt 0:02:15]} 24. Kg1 {[%emt 0:02:09]} Raa8 {[%emt 0:14:00]} 25. h4 {[%emt 0:00:49]} Bf8 {[%emt 0:02:17]} 26. Nc4 {[%emt 0:05:12]} Rab8 {[%emt 0:00:44]} 27. Rxe8 {[%emt 0:26:46]} Rxe8 {[%emt 0:01:05]} 28. Qd2 {[%emt 0:00:50]} Qf3 {[%emt 0:03:10]} 29. Rf1 {[%emt 0:00:05]} Re2 {[%emt 0:01:23]} 30. Qd1 {[%emt 0:05:36]} f6 {[%emt 0:03:18]} 31. b4 {[%emt 0:00:03]} axb4 {[%emt 0:00:40]} 32. axb4 {[%emt 0:00:05]} Bh6 {[%emt 0:05:26]} 33. Qb3 {[%emt 0:01:03]} Kh8 {[%emt 0:00:21]} 34. b5 {[%emt 0:03:13]} cxb5 {[%emt 0:13:04]} 35. Qxb5 {[%emt 0:00:34]} Qxd3 {[%emt 0:00:44]} 36. Qb8+ {[%emt 0:04:55]} Kh7 {[%emt 0:00:14]} 37. Qb7+ {[%emt 0:00:19]} Bg7 {[%emt 0:00:18]} 38. Nd6 {[%emt 0:00:13]} Qc2 {[%emt 0:03:15]} 39. Qd7 {[%emt 0:04:53]} Qc5 {[%emt 0:02:29]} 40. Ne8 {[%emt 0:00:06]} Qe7 {[%emt 0:00:48]} 41. Qxe7 {[%emt 0:00:10]} Rxe7 {[%emt 0:00:04]} 42. Nxg7 {[%emt 0:00:06]} Kxg7 {[%emt 0:00:34]} 43. Rd1 {[%emt 0:00:01]} Rd7 {[%emt 0:00:11]} 44. Kf1 {[%emt 0:00:01]} d3 {[%emt 0:00:37]} 45. Ke1 {[%emt 0:00:06]} Re7+ {[%emt 0:01:13]} 46. Kf1 {[%emt 0:00:01]} Rd7 {[%emt 0:00:14]} 47. Ke1 {[%emt 0:00:01]} g5 {[%emt 0:02:15]} 48. Kd2 {[%emt 0:00:57]} Kg6 {[%emt 0:00:41]} 49. Rh1 {[%emt 0:00:22]} Rd4 {[%emt 0:01:23]} 50. Ke3 {[%emt 0:00:16]} Rd5 {[%emt 0:00:09]} 51. hxg5 {[%emt 0:01:32]} fxg5 {[%emt 0:02:12]} 52. Kd2 {[%emt 0:00:33]} g4 {[%emt 0:01:05]} 53. Rf1 {[%emt 0:01:45]} Kg5 {[%emt 0:00:49]} 54. Ke3 {[%emt 0:00:03]} d2 {[%emt 0:01:46]} 55. Rd1 {[%emt 0:00:02]} Kf5 {[%emt 0:00:32]} 56. Rxd2 {[%emt 0:00:18]} Rxd2 {[%emt 0:00:08]} 57. Kxd2 {[%emt 0:00:01]} Ke5 {[%emt 0:00:35]} 1/2-1/2

[Event "Portugal Open 2019"]
[Site "Lisbon"]
[Date "2019.02.04"]
[Round "4.12"]
[White "Miezis, Normunds"]
[Black "Aguera Naredo, Javier"]
[Result "1/2-1/2"]
[WhiteElo "2467"]
[BlackElo "2346"]
[Annotator "TA"]
[PlyCount "112"]
[EventDate "2019.01.25"]
[EventType "swiss"]
[EventCountry "POR"]
[SourceTitle "playchess.com"]
[Source "ChessBase"]
[SourceQuality "1"]

{[%evp 18,112,16,23,11,0,0,0,23,17,19,19,18,22,22,12,16,0,0,-20,-11,-106,0,0,0,-31,-42,-22,-16,-48,-8,-16,-16,-13,-22,-15,-22,-83,-86,-102,-87,-89,-86,-229,-229,-229,-228,-225,-218,-212,-214,-225,-133,-222,-222,-213,-218,-231,-201,-228,-155,-148,-162,-154,-162,-29984,-139,-147,-147,-131,-21,-21,-21,-43,-33,-36,-36,-36,-36,-36,-36,-56,-21,-21,-21,-129,-36,-65,-65,-65,-65,-65,-65,-65,-65,-65,-65]} 1. c4 g6 (1... Nf6 2. Nc3 g6 3. e4 d6 4. g3 {½-½ (14) Predojevic,B (2643)-Hamdouchi,H (2610) Rogaska Slatina 2011}) 2. Nc3 Bg7 $146 ({Predecessor:} 2... c5 3. g3 Bg7 4. Bg2 Nc6 5. e4 Nf6 6. Nge2 O-O 7. O-O Ne8 8. d3 Nc7 9. Be3 Ne6 10. Rb1 Ned4 11. Qd2 {½-½ (31) Keresztes,M (2095)-Marton,J (2186) Ajka 2004}) 3. g3 Nf6 4. e4 d6 5. Bg2 O-O 6. Nge2 c5 7. O-O Nc6 8. Rb1 (8. d3 Ne8 {½-½ (14) Predojevic,B (2643)-Hamdouchi,H (2610) Rogaska Slatina 2011}) 8... Ne8 9. d3 Nc7 10. Be3 Ne6 {A36: Symmetrical English vs ...g6: 4 Bg2 Bg7} (10... Nd4 11. b4 b6 12. h3 Bb7 13. f4 f5 14. bxc5 dxc5 {½-½ (14) Predojevic,B (2643)-Hamdouchi,H (2610) Rogaska Slatina 2011}) 11. Qd2 Ned4 12. Bh6 Bh3 {The position is equal.} (12... Bxh6 {is interesting.} 13. Qxh6 Bd7 14. Nxd4 cxd4 15. Ne2 Qa5) 13. Nxd4 ({Predecessor:} 13. Bxg7 Kxg7 14. Nxd4 {½-½ (31) Keresztes,M (2095)-Marton,J (2186) Ajka 2004}) 13... Nxd4 14. Bxg7 Kxg7 15. f4 ({Predecessor:} 15. Ne2 Bxg2 16. Kxg2 Nc6 17. d4 cxd4 18. Nxd4 {½-½ (31) Keresztes,M (2095)-Marton,J (2186) Ajka 2004}) 15... Bxg2 16. Qxg2 e6 17. g4 Qh4 18. Rbe1 h5 19. gxh5 (19. g5 $11) 19... Qxh5 (19... Rh8 $1 $17 20. f5 Rxh5 21. f6+ Kh7) 20. Re3 Rh8 21. Nb5 Nxb5 22. cxb5 Rae8 23. Rg3 d5 24. f5 exf5 25. Rxf5 {[%mdl 64] Double Attack} Qd1+ 26. Rf1 Qa4 {Black wants to play ...Qd4+.} 27. Kh1 {[#]} (27. Qf2 $11 {keeps the balance.} Qd4 28. Qxd4+ cxd4 29. exd5) 27... Qd4 $1 $17 {[%cal Rd5e4]} (27... Qxa2 $2 28. Qf2 $18) 28. Rgf3 Re7 29. Qg5 dxe4 (29... Qxb2 $6 30. R3f2 $16) 30. Rf4 (30. dxe4 $17 Qxe4 31. Qxc5) 30... Rd7 $19 (30... Qxb2 31. R1f2 $11) 31. dxe4 Qxb2 {[%csl Gh8][%cal Rb2h2]} 32. R1f2 Qa1+ 33. Kg2 {intending e5.} Rh5 34. Qg4 Re7 (34... Qd4 $19 35. a4 c4) 35. h4 (35. Rf5 $17 Rxf5 36. exf5) 35... Qd4 36. Qf3 {[%cal Rf4f7]} Qd7 37. Qc3+ Kg8 38. a4 Rhe5 39. Rxf7 Qg4+ {[%mdl 64] Double Attack} (39... Rxf7 $6 40. Qxe5 Re7 41. Qd5+ Qxd5 42. exd5 $11) 40. Kf1 Qxe4 {[%cal Re4h1]} ({Much weaker is} 40... Rxf7 $6 41. Qxe5 Rxf2+ 42. Kxf2 $11) 41. Qf3 $2 (41. Rf8+ $19 Kg7 42. Qf3 Qxf3 43. R8xf3) 41... Qxf3 $2 (41... Qc4+ {mates} 42. Kg1 Rxf7 43. Qxf7+ Qxf7 44. Rxf7 Kxf7 45. Kf2 c4 46. Kf3 c3 47. Kf4 Kf6 48. h5 c2 49. hxg6 c1=Q+ 50. Kg4 Qg1+ 51. Kf4 Re3 52. a5 Qg5#) 42. R7xf3 $17 {[%mdl 4096] Endgame KRR-KRR} Re4 43. Rg3 Kg7 (43... Rxa4 $17 {White must now prevent ...Rg7.} 44. Rxg6+ Kh7) 44. h5 $1 $11 R7e6 45. hxg6 Rxg6 46. Rd3 Re7 47. Rd5 b6 {...Rg4 is the strong threat.} 48. a5 Rf6 49. Rd8 Rxf2+ (49... Rh6 {looks sharper.} 50. Rg2+ Kh7 51. Rgd2 Rf6+ 52. Rf2 Kg7) 50. Kxf2 $15 {KR-KR} Kf6 51. Rc8 {[#]} (51. Rf8+ $11 {remains equal.} Ke5 52. axb6) 51... Ke5 ({Resist} 51... bxa5 52. Rxc5 Re6 53. Rc4 $15) ({Black should play} 51... Ke6 $1 $17 52. axb6 axb6 53. Rc6+ Kd5 54. Rxb6 Kc4) 52. Ke3 {Black is slightly better.} Kd5+ $1 ({Don't play} 52... bxa5 53. Kd3 $17) 53. Kd3 {[#]} c4+ $1 {[%mdl 512]} 54. Kc3 (54. Rxc4 Re3+) 54... bxa5 55. Rd8+ Kc5 {Threatens to win with ...a4.} 56. Rc8+ Kxb5 {Accuracy: White = 47%, Black = 64%.} 1/2-1/2

[Event "Portugal Open 2019"]
[Site "Lisbon"]
[Date "2019.02.04"]
[Round "4.13"]
[White "Bartel, Michal"]
[Black "Terrieux, Kevin"]
[Result "1/2-1/2"]
[WhiteElo "2306"]
[BlackElo "2459"]
[Annotator "TA"]
[PlyCount "34"]
[EventDate "2019.01.25"]
[EventType "swiss"]
[EventCountry "POR"]
[SourceTitle "playchess.com"]
[Source "ChessBase"]
[SourceQuality "1"]

{[%evp 15,34,4,0,0,2,-12,0,0,0,0,0,0,0,-8,3,3,0,0,6,9,4]} 1. e4 e5 2. Nf3 Nc6 3. Bc4 Nf6 4. d3 Be7 5. O-O O-O 6. c3 d5 7. exd5 Nxd5 8. h3 Nb6 {The position is equal.} 9. Bb5 {C55: Two Knights: 4 d3, 4 d4 exd4 5 e5 and Max Lange Attack} Qd5 (9... Nb8 10. d4 e4 11. Nfd2 c6 12. Be2 f5 13. Re1 Be6 14. Bf1 N8d7 15. Na3 Qc7 16. Nac4 Rae8 17. Nxb6 Nxb6 {0-1 (94) Gunnarsson,J (2430)-Adams,M (2734) Kallithea 2008}) 10. Qb3 Qd6 11. Bxc6 $146 ({Predecessor:} 11. Nbd2 Na5 12. Qc2 a6 13. Ba4 Nxa4 14. Qxa4 Nc6 15. d4 exd4 16. Nxd4 b5 {½-½ (57) Ferreira,J (2338)-Urkedal,F (2447) Albena 2011}) 11... bxc6 12. Re1 Bf6 13. d4 exd4 14. cxd4 c5 15. dxc5 Qxc5 16. Nc3 Bb7 17. Ne4 Bxe4 1/2-1/2

[Event "Portugal Open 2019"]
[Site "Lisbon"]
[Date "2019.02.04"]
[Round "4.14"]
[White "Butkiewicz, Lukasz"]
[Black "Chinguun, Sumiya"]
[Result "1-0"]
[WhiteElo "2445"]
[BlackElo "2286"]
[Annotator "TA"]
[PlyCount "82"]
[EventDate "2019.01.25"]
[EventType "swiss"]
[EventCountry "POR"]
[SourceTitle "playchess.com"]
[Source "ChessBase"]
[SourceQuality "1"]

{[%evp 16,82,34,53,87,68,121,113,111,123,122,111,177,172,168,164,169,123,153,152,308,310,360,327,391,389,391,329,357,354,356,356,372,365,370,355,347,352,362,361,372,350,380,365,388,366,466,459,512,491,639,643,1471,948,939,825,1162,1124,5189,2551,4902,0,29969,6087,29983,29984,29984,29985,29983]} 1. e4 c5 2. Nf3 e6 3. d4 cxd4 4. Nxd4 a6 5. c4 Nf6 6. Nc3 Bb4 7. Qd3 {B41: Sicilian: Kan Variation: 5 c4} d6 8. Nc2 Bxc3+ 9. Qxc3 {LiveBook: 23 Games. White is slightly better.} Nbd7 $146 ({Predecessor:} 9... O-O 10. Bd3 e5 11. O-O Be6 12. f4 exf4 13. Bxf4 Nc6 14. Bg5 Nxe4 15. Bxd8 Nxc3 {0-1 (54) Giri,A (2768)-Caruana,F (2829) London 2014}) 10. Be2 Nxe4 (10... b5 $14) 11. Qxg7 $16 Qa5+ 12. b4 Qe5 {[#]} 13. Qxe5 $1 Nxe5 (13... dxe5 $16 14. Bb2 a5) 14. Bb2 $18 Rg8 15. f3 $36 {[%mdl 2048] Keeping Black busy.} Nf6 16. Ne3 a5 17. b5 {Hoping for Rd1.} Nfd7 $2 (17... b6 $16 18. Rd1 Ke7) 18. O-O-O Ke7 19. Rhe1 Ng6 20. Bf1 Nde5 21. Ba3 Rd8 {[#]} 22. Rxd6 $1 {[%mdl 512]} Rxd6 23. Rd1 Ke8 {Threatens to win with ...Rxd1+.} 24. Bxd6 f5 25. Bxe5 Nxe5 {[#]} 26. Nxf5 $1 {[%mdl 512]} exf5 27. Re1 Be6 28. Rxe5 {[%mdl 4096] Endgame KRB-KRB} Ke7 29. Kc2 Rc8 30. Kc3 Kf6 31. f4 h5 32. b6 Rc6 33. c5 {[%cal Bc4c5,Bc5c6,Bc6c7][%mdl 32]} Bxa2 34. Bb5 Rc8 {[#]} 35. c6 $1 {[%mdl 512]} Be6 (35... bxc6 36. b7) 36. c7 Ra8 37. Bc4 Bd7 38. Bb5 $2 (38. Bd5 $18 Rc8 39. Bxb7) 38... Bxb5 $4 {[%mdl 8192]} (38... Be6 $11 39. Bc6 Bc8) 39. Rxb5 Ke6 {[#]} 40. Rxa5 $1 {[%mdl 512]} Rg8 (40... Rxa5 41. c8=Q+) 41. Ra7 Kd5 {Precision: White = 87%, Black = 29%.} 1-0

[Event "Portugal Open 2019"]
[Site "Lisbon"]
[Date "2019.02.04"]
[Round "4.15"]
[White "Damaso, Rui"]
[Black "Pacan-Milej, Kosma"]
[Result "1-0"]
[WhiteElo "2439"]
[BlackElo "2273"]
[Annotator "TA"]
[PlyCount "97"]
[EventDate "2019.01.25"]
[EventType "swiss"]
[EventCountry "POR"]
[SourceTitle "playchess.com"]
[Source "ChessBase"]
[SourceQuality "1"]

{[%evp 11,97,15,15,-10,7,8,15,13,13,13,13,13,13,10,11,5,14,4,6,-27,0,-28,19,5,14,0,36,60,81,81,81,81,81,78,71,63,85,50,44,31,50,48,52,15,52,52,38,32,47,46,48,43,85,81,123,100,131,118,135,134,143,146,146,148,155,169,256,259,259,266,266,248,280,282,282,282,277,272,268,247,247,247,279,287,276,264,258,256]} 1. e4 c5 2. Nc3 $146 (2. Nf3 d6 3. d4 cxd4 4. Nxd4 Nf6 {½-½ (46) Najer,E (2683)-Wojtaszek,R (2738) Batumi 2018}) ({Predecessor:} 2. Nf3 d6 3. d4 cxd4 4. Nxd4 Nf6 {0-1 (12) Peshev,P-Mahlev,A (2058) Sofia 2004}) 2... d6 3. Nge2 Nf6 4. d4 cxd4 5. Nxd4 a6 6. Bd3 e5 7. Nf5 {B90: Sicilian Najdorf: Unusual White 6th moves, 6 Be3 Ng4 and 6 Be3 e5} (7. Nde2 Be7 8. O-O O-O 9. Ng3 Be6 10. Nd5 Bxd5 11. exd5 g6 12. Bh6 Re8 13. c4 Nbd7 14. b4 Bf8 15. Bg5 h6 16. Bd2 e4 {½-½ (46) Najer,E (2683)-Wojtaszek,R (2738) Batumi 2018}) 7... Bxf5 8. exf5 d5 9. Bg5 {The position is equal.} Be7 10. Bxf6 $1 Bxf6 11. Be2 ({Predecessor:} 11. Qd2 O-O 12. O-O-O Bg5 {0-1 (12) Peshev,P-Mahlev,A (2058) Sofia 2004}) 11... d4 {[#] And now ...Qa5 would win.} 12. Ne4 O-O 13. O-O Nd7 14. Bd3 Rc8 15. b4 Be7 16. Rb1 Qb6 17. Qf3 Rc7 18. Rfe1 Nf6 (18... Bxb4 $6 {[#]} 19. a3 $1 $16 {[%mdl 512]}) 19. Nd2 Rfc8 (19... Bxb4 $2 20. a3 $18 (20. Rxe5 Qd6 $15)) 20. Rxe5 Bxb4 21. Ne4 Nxe4 22. Qxe4 {White wants to mate with f6.} Qd6 23. g3 Qf8 24. a3 Bd6 $1 {[%cal Rd6e5]} 25. Ra5 $40 {[%mdl 128] Hoping for f6. Black needs to defend precisely.} Re8 26. Qf3 Qe7 27. a4 h6 28. Rd5 {Black must now prevent f6.} Bc5 $1 29. a5 Qf6 30. Qf4 Rec8 31. Re1 Bb4 32. Re2 Bc3 33. h4 Rc6 34. Ree5 {[%cal Be2e5,Be5d5,Bd5d7][%mdl 32]} Bb4 {With the idea ...Bd6.} 35. Qe4 Bf8 36. Rd7 R6c7 37. Red5 ({Avoid the trap} 37. Qxd4 $2 Rxd7 38. Qxd7 Rd8 $19) 37... Rxd7 38. Rxd7 Rc5 (38... Qc6 {was called for.} 39. Qxc6 (39. Rxb7 Qxe4 40. Bxe4 Rc5 $16) (39. Qxd4 Bc5 $16) 39... Rxc6 40. Rxb7 Bd6) 39. Qxb7 $18 Qc6 40. Rxf7 Qxb7 41. Rxb7 Rxa5 {[%mdl 4096] Endgame KRB-KRB} 42. Bc4+ Kh8 43. Be6 Rb5 44. Ra7 Rb8 45. Rxa6 Be7 46. Ra7 Bf6 47. Kg2 {White has a decisive advantage.} Re8 48. Rf7 Kh7 49. Kh3 {Accuracy: White = 61%, Black = 40%.} 1-0

[Event "Portugal Open 2019"]
[Site "Lisbon"]
[Date "2019.02.04"]
[Round "4.16"]
[White "Sukandar, Irine Kharisma"]
[Black "Corbalan Gomez, Juan Jose"]
[Result "1/2-1/2"]
[WhiteElo "2397"]
[BlackElo "2235"]
[Annotator "TA"]
[PlyCount "109"]
[EventDate "2019.01.25"]
[EventType "swiss"]
[EventCountry "POR"]
[SourceTitle "playchess.com"]
[Source "ChessBase"]
[SourceQuality "1"]

{[%evp 20,109,52,54,65,67,88,95,128,77,99,106,128,109,175,162,214,216,215,214,258,218,206,214,340,306,289,227,227,199,268,177,271,265,214,177,273,187,128,161,174,167,155,175,182,262,157,0,0,0,0,0,0,0,0,0,902,0,0,-133,0,0,0,0,0,0,545,0,0,0,0,0,0,0,0,0,0,0,0,0,0,0,0,0,0,0,0,0,0,0,0,0]} 1. e4 (1. Nf3 c5 2. c4 g6 3. e4 d6 4. d4 cxd4 5. Nxd4 Nc6 6. Be3 Nf6 7. f3 Bg7 8. Nc3 O-O 9. Qd2 Bd7 {0-1 (43) Bu,X (2730)-Savchenko,B (2566) Riadh 2017}) 1... c5 2. Nf3 Nc6 $146 ({Predecessor:} 2... d6 3. d4 cxd4 4. Nxd4 Nf6 5. f3 g6 6. c4 Bg7 7. Nc3 O-O 8. Be3 Nc6 {1-0 (27) Baskin,R (2339)-Godzwon,I (2218) Warsaw 2018}) 3. d4 cxd4 4. Nxd4 g6 5. c4 Bg7 6. Be3 Nf6 7. Nc3 O-O 8. Be2 d6 9. f3 Bd7 10. Qd2 Nxd4 11. Bxd4 a5 {B38: Sicilian: Maroczy Bind with 5...Bg7 and 7...0-0} 12. h4 (12. b3 Bc6 13. O-O Nd7 14. Be3 Nc5 15. Rab1 e6 16. a3 Be5 17. b4 axb4 18. axb4 Ra3 19. bxc5 Rxc3 20. f4 Bg7 21. e5 dxe5 22. Qxc3 exf4 23. Qd2 Qg5 {0-1 (43) Bu,X (2730)-Savchenko,B (2566) Riadh 2017}) 12... Bc6 13. O-O-O a4 {White is better.} 14. Kb1 (14. h5 $142) ({Predecessor:} 14. g4 Qa5 15. h5 a3 16. b3 Rfc8 17. Kb1 e5 18. Be3 Ne8 19. hxg6 fxg6 {1-0 (27) Baskin,R (2339)-Godzwon,I (2218) Warsaw 2018}) 14... a3 $16 15. b4 {[%cal Bb2b4,Bb4b5][%mdl 32]} h5 16. Qe3 $1 e5 {[#]} (16... Ba4 $16) 17. Bc5 $1 $18 {[%mdl 512]} dxc5 (17... Re8 $142 18. Bxd6 (18. Rxd6 Qc8 $18) 18... Qc8) 18. Rxd8 Rfxd8 19. b5 Be8 20. Nd5 Nxd5 21. exd5 b6 (21... Ra4 $142) 22. g4 Ra4 23. Kc2 Bd7 {With the idea ...hxg4.} 24. Bd3 {Black must now prevent gxh5.} hxg4 (24... e4 $142) 25. fxg4 Rb4 (25... e4 $142) 26. Rb1 $1 {[%cal Rb1b4]} e4 27. Qxe4 Re8 (27... Rb2+ {was called for.} 28. Rxb2 axb2) 28. Qf4 {Hoping for Rxb4.} Rb2+ 29. Rxb2 axb2 30. h5 Re1 31. Kd2 b1=Q 32. Bxb1 Rxb1 {[#]} 33. h6 $2 (33. Qg5 $1 $16 {[%cal Rg5d8]} f6 34. Qf4 (34. Qxg6 Rg1 $16) 34... gxh5 35. gxh5) 33... Bd4 $11 {And now ...Rb2+ would win.} 34. h7+ Kg7 {Strongly threatening ...Rb2+.} 35. h8=Q+ Kxh8 36. Qxf7 {[%mdl 64] Double Attack} Bxg4 {...Rb2+ is the strong threat.} 37. Qxg6 Rd1+ 38. Kc2 Rg1 39. Qe8+ (39. Qxb6 {is a self mate.} Rg2+ 40. Kb1 Bf5+ 41. Kc1 Be3+ 42. Kd1 Bg4+ 43. Ke1 Rg1#) (39. Qe4 $11) 39... Kh7 (39... Kg7 $17 40. Qe7+ Kg6 41. Qe8+ Kg5 42. Qd8+ Kf5 43. Qd7+ Ke4 44. Qe7+ Be5) 40. Qe4+ $1 Kg7 {Black wants to play ...Kf6.} 41. d6 {Threatens to win with d7!} ({Much worse is} 41. Qe7+ Kg6 $17) 41... Bf6 ({Don't blunder} 41... Kh6 $2 42. Qf4+ Kg6 {[#]} 43. d7 $1 $18 {[%mdl 512]}) 42. d7 {aiming for Qf4.} Bh3 $2 {[%mdl 8192]} (42... Bd1+ $11 43. Kd3 Bg4) 43. Qd3 $2 (43. Qf4 $18) 43... Rg2+ {The position is equal.} 44. Kb3 Rb2+ $1 45. Ka3 Rb4 {[%csl Gb4][%cal Rf6b2]} 46. Qd2 Bxd7 $1 47. Qxd7+ {[%mdl 4096] Endgame KQ-KRB} Kg6 {[%csl Gb4][%cal Rf6b2]} 48. Qg4+ Kf7 {[%csl Gb4][%cal Rf6b2]} 49. Qf4 Kg6 {[%csl Gb4][%cal Rf6b2]} 50. Qd6 Kf5 {[%csl Gb4][%cal Rf6b2]} 51. Qf8 Kg6 {[%csl Gb4][%cal Rf6b2]} 52. Qg8+ Kf5 {[%csl Gb4][%cal Rf6b2]} 53. Qh7+ Kg5 {[%csl Gb4][%cal Rf6b2]} 54. Qg8+ Kf5 {[%csl Gb4][%cal Rf6b2]} 55. Qd5+ {Accuracy: White = 77%, Black = 56%.} 1/2-1/2

[Event "Portugal Open 2019"]
[Site "Lisbon"]
[Date "2019.02.04"]
[Round "4.17"]
[White "Chylewski, Patryk"]
[Black "Martin Duque, Jesus"]
[Result "0-1"]
[WhiteElo "2304"]
[BlackElo "2393"]
[Annotator "RC"]
[PlyCount "80"]
[EventDate "2019.01.25"]
[EventType "swiss"]
[EventCountry "POR"]
[SourceTitle "playchess.com"]
[Source "ChessBase"]
[SourceQuality "1"]
[TimeControl "5400+30"]

1. d4 {[%emt 0:00:00]} d5 {[%emt 0:00:00]} 2. c4 {[%emt 0:00:00]} e6 {[%emt 0:00:00]} 3. Nc3 {[%emt 0:00:00]} Bb4 {[%emt 0:00:00]} 4. e3 {[%emt 0:02:17]} Nf6 {[%emt 0:00:00]} 5. Nf3 {[%emt 0:01:36]} O-O {[%emt 0:00:00]} 6. Bd2 {[%emt 0:03:15]} b6 {[%emt 0:00:04]} 7. cxd5 {[%emt 0:00:34]} exd5 {[%emt 0:00:01]} 8. Bd3 {[%emt 0:00:09]} Bb7 {[%emt 0:00:55]} 9. Rc1 {[%emt 0:02:28]} a6 {[%emt 0:00:49]} 10. O-O {[%emt 0:02:11]} Bd6 {[%emt 0:00:05]} 11. Re1 {[%emt 0:13:46]} Re8 {[%emt 0:06:00]} 12. Qc2 {[%emt 0:05:04]} Ne4 {[%emt 0:01:31]} 13. Red1 {[%emt 0:04:21]} Nd7 {[%emt 0:06:47]} 14. Qb3 {[%emt 0:02:59]} Nxd2 {[%emt 0:08:46]} 15. Nxd2 {[%emt 0:03:45]} Nf6 {[%emt 0:07:39]} 16. Nf1 {[%emt 0:10:57]} Rb8 {[%emt 0:02:35]} 17. Qc2 {[%emt 0:02:15]} Qe7 {[%emt 0:06:51]} 18. Qe2 {[%emt 0:02:04]} Ra8 {[%emt 0:04:20]} 19. Ng3 {[%emt 0:01:45]} g6 {[%emt 0:00:49]} 20. Re1 {[%emt 0:01:35]} h5 {[%emt 0:04:44]} 21. Nf1 {[%emt 0:00:35]} Kg7 {[%emt 0:03:00]} 22. Nd2 {[%emt 0:01:04]} c5 {[%emt 0:03:05]} 23. dxc5 {[%emt 0:12:41]} bxc5 {[%emt 0:00:14]} 24. h3 {[%emt 0:00:35]} Bc7 {[%emt 0:15:26]} 25. Nf1 {[%emt 0:02:06]} Qd6 {[%emt 0:02:06]} 26. Qc2 {[%emt 0:05:58]} Rac8 {[%emt 0:03:32]} 27. Qb1 {[%emt 0:02:38]} Bb8 {[%emt 0:03:35]} 28. Rcd1 {[%emt 0:00:58]} Re5 {[%emt 0:07:22]} 29. Kh1 {[%emt 0:05:06]} Rce8 {[%emt 0:03:52]} 30. e4 {[%emt 0:05:20]} dxe4 {[%emt 0:02:47]} 31. Nxe4 {[%emt 0:05:35]} Nxe4 {[%emt 0:01:50]} 32. Bxe4 {[%emt 0:00:08]} Qe7 {[%emt 0:00:47]} 33. f3 {[%emt 0:01:13]} f5 {[%emt 0:01:08]} 34. Bxb7 {[%emt 0:00:37]} Rxe1 {[%emt 0:00:02]} 35. Bxa6 {[%emt 0:01:20]} Rxd1 {[%emt 0:00:39]} 36. Qxd1 {[%emt 0:00:04]} Qd6 {[%emt 0:00:47]} 37. Qa4 {[%emt 0:00:59]} Re6 {[%emt 0:01:25]} 38. Bc4 {[%emt 0:00:29]} Re1 {[%emt 0:00:16]} 39. Kg1 {[%emt 0:00:28]} Qd4+ {[%emt 0:00:05]} 40. Kh1 {[%emt 0:00:05]} Rxf1+ {[%emt 0:00:05]} 0-1